Liderazgo directivo: un enfoque para la gestión empresarial (Registro nro. 12326)

Detalles MARC
000 -Cabecera
Campo de control de longitud fija 01034nam a22003617a 4500
005 - Fecha y hora de la última transacción
Campo de control 20250814114636.0
008 - Elementos de longitud fija--Información general
Campo de control de longitud fija 190916b2016 xxu||||| |||| 00| 0 spa d
020 ## - International Standard Book Number
Número Internacional Estándar del Libro (ISBN) 9789587714289
041 ## - Idioma
Código de idioma Español
082 ## - Clasificación Decimal Dewey
Número de clasificación 658.409.2 P335L
100 ## - Entrada principal--Autor personal
Nombre personal Pautt Torres, Geli
9 (RLIN) 55836
245 ## - Título propiamente dicho
Título Liderazgo directivo: un enfoque para la gestión empresarial
260 ## - Pie de imprenta
Lugar de publicación, distribución, etc. Colombia
260 ## - Pie de imprenta
Nombre del editor, distribuidor, etc. Ecoe Ediciones
260 ## - Pie de imprenta
Fecha de publicación, distribución, etc. 2016
300 ## - Descripción física
Extensión 162 páginas
490 ## - Serie
Título de la Serie Dirección y Administración de Empresas
650 ## - Materia general
Temática (materia general) LIDERAZGO EJECUTIVO
650 ## - Materia general
Temática (materia general) EL QUE HACER DEL GERENTE
650 ## - Materia general
Temática (materia general) PAPELES INTERPESONALES
650 ## - Materia general
Temática (materia general) ADMINISTRACIÓN
650 ## - Materia general
Temática (materia general) CASO PRÁCTICO
650 ## - Materia general
Temática (materia general) MANAGEMENT
650 ## - Materia general
Temática (materia general) DECISIÓN DE LIDERAR
650 ## - Materia general
Temática (materia general) ESTRATEGIAS DE MERCADEO
650 ## - Materia general
Temática (materia general) ESTRATEGIAS DE PUBLICIDAD
650 ## - Materia general
Temática (materia general) LIDERAZGO DIRECTIVO
650 ## - Materia general
Temática (materia general) CULTURA ORGANIZACIONAL
650 ## - Materia general
Temática (materia general) TEORÍAS DE LIDERAZGO
650 ## - Materia general
Temática (materia general) TEORÍA DE HERSEY
650 ## - Materia general
Temática (materia general) TEORÍA DE BLANCHARD
942 ## - Punto de acceso adicional KOHA
Tipo de ítem KOHA Libro
Fuente del sistema de clasificación o colocación Dewey Decimal Classification
Existencias
Signatura completa Código de barras Programa Académico Tipo de ítem
658.409.2 P335L 24595 Dirección y Administración de Empresas Libro
658.409.2 P335L 24596 Dirección y Administración de Empresas Libro